| 000 | 01013cam a2200289 a 4500 | ||
|---|---|---|---|
| 001 | 4258748 | ||
| 003 | OSt | ||
| 005 | 20211117145451.0 | ||
| 008 | 840229s1984 enka b 001 0 eng | ||
| 010 | _a 84005013 | ||
| 020 | _a0521265282 | ||
| 020 | _a0521319420 (pbk.) | ||
| 040 |
_aDLC _cHU _dDLC |
||
| 050 | 0 | 0 |
_aP95.3 _b.T4 1984 |
| 082 | 0 | 0 |
_a001.54/2/0712 _219 |
| 245 | 0 | 0 |
_aTeaching talk : _bstrategies for production and assessment / _cAnne Anderson ... [et al.]. |
| 260 |
_aCambridge [Cambridgeshire] ; _aNew York : _bCambridge University Press, _c1984. |
||
| 300 |
_a178 p. : _bill. ; _c23 cm. |
||
| 500 | _aIncludes index. | ||
| 504 | _aBibliography: p. 176. | ||
| 650 | 0 |
_aOral communication _xStudy and teaching (Secondary) _918982 |
|
| 650 | 0 |
_aSociolinguistics. _910770 |
|
| 700 | 1 |
_aAnderson, Anne, _d1954- _918983 |
|
| 856 | 4 | 2 |
_3Publisher description _uhttp://www.loc.gov/catdir/description/cam031/84005013.html |
| 906 |
_a7 _bcbc _corignew _d1 _eocip _f19 _gy-gencatlg |
||
| 942 |
_2ddc _cBOOKS _n0 |
||
| 999 |
_c18763 _d18763 |
||